| 000 | 00791cam a2200241 a 4500 | ||
|---|---|---|---|
| 001 | 000004995 | ||
| 005 | 20200929151544.0 | ||
| 008 | 000731s2000 sp c b 001 1 spa | ||
| 020 | _a842071223X | ||
| 040 |
_aDO-SdBNP _cDLC _dDLC |
||
| 082 |
_a861.44 _bP896s |
||
| 100 | 1 |
_aPrado, Benjamín, _d1961- _914413 |
|
| 245 | 1 | 0 |
_aSiete maneras de decir manzana / _cBenjamín Prado. |
| 260 |
_aMadrid : _bGrupo Anaya, _c2000. |
||
| 300 |
_a119 p. : _bretrs. ; _c21 cm. |
||
| 490 | 1 | _aPunto de referencia Anaya | |
| 490 | 1 | _aTaller de poesía | |
| 504 | _aIncluye referencias bibliográficas (p. 109-116). | ||
| 650 | 4 |
_aPoesía española _9631 |
|
| 650 | 4 |
_aLiteratura española _9632 |
|
| 830 | 0 |
_aPunto de referencia Anaya ; _pTaller de poesía _914414 |
|
| 910 | _aCatalogación por copia / LC | ||
| 999 |
_c4801 _d4801 |
||